00435 2200169 4500001002100000005001500021035002000036007000300056008004100059020002200100082001200122084001800134100001600152245003100168260003100199300003500230INLIS00000000000031820260115011940 a0010-0126000011ta260115 0 ind  a978-623-180-330-6 a650.014 a650.014 WID k0 aWidaningsih1 aKomunikasi Bisnis Kelas XI aJakarta :bErlangga,c2023 aix + 166 hlm. ;c17,5 x 25 cm.